Diario de un interno de medicina : (Registro nro. 21785)

Detalles MARC
000 -Cabecera
Campo de control interno 00968nam a2200265Ia 4500
005 - Fecha y hora del registro
control field 20260320113312.0
008 - Elementos de Longitud Fija
fixed length control field 260320s9999||||xx |||||||||||||| ||und||
020 ## - ISBN
ISBN 9789972517112
041 ## - Idioma
Codigo Idioma ESP
082 ## - DEWEY y NOTACIÓN INTERNA
Dewey 610.711
Notación Interna R78
100 ## - AUTOR
Autor denominación Rojas, Daniel,
Término de relación autor
245 #0 - TÍTULO DE MATERIAL BIBLIOGRÁFICO
Título Diario de un interno de medicina :
Título paralelo aproximaciones a la educación médica y al sistema de salud en Lima, Perú
246 ## - TÍTULO TRADUCIDO
Título
Título paralelo
Autor
250 ## - EDICIÓN
Edición Primera edición, primera reimpresión
260 ## - CIUDAD, EDITORIAL, AÑO
Ciudad
Nombre de la Editorial IEP Instituto de Estudios Peruanos,
Año 2019
300 ## - DESCRIPCIÓN
N° Páginas 174 páginas :
Otros detalles
Dimensiones 21 cm.
Material Adicional
440 ## - MENCIÓN DE SERIE
Título de la Serie (Salud y sociedad
Número de Serie ; número 5)
Volumen de Serie
650 ## - TEMAS
Temas Tecnología (Ciencias Aplicadas)
653 ## - DESCRIPTORES
Lenguajes no controlado Educación médica -Perú; Internos (Medicina) - Perú - Diarios; Salud pública - Perú
654 ## - PROGRAMAS
Programa Dpto. de Ciencias de la Salud
700 ## - OTROS AUTORES
Otros autores Yon Leau, Carmen,
Títulos y otras palabras asociadas con el nombre Prologuista
856 ## - URL - UBICACIÓN
URI/URL: Enlace exacto del recurso <a href="https://www-clinicalkey-com.ucsp.lookproxy.com/student/login">https://www-clinicalkey-com.ucsp.lookproxy.com/student/login</a>
Nota pública: Versión digital <a href="Véase además: Base de datos ClinicalKey">Véase además: Base de datos ClinicalKey</a>
942 ## - ELEMENTOS DE KOHA
Tipo de documento Libro
Nombre del creador Justo Noguera
Código de catalogador Margarita Torres
Esquema de clasificación Dewey Decimal Classification
Suppress in OPAC
Existencias
Codigo completo Registro Colección Copia número Disponibilidad Tipo de préstamo Biblioteca Actual Procedencia (Biblioteca) Ubicacón Fecha Ingreso Tipo de Adquisición Observación Date last seen Total checkouts Price effective from Tipo de Item Estado del Material Fuente de Clasificación Damaged status Withdrawn status
610.711 R78 1085345 Universidad Católica San Pablo 1 Disponible Disponible Víctor Andrés Belaunde Víctor Andrés Belaunde Planta baja abierta 10/03/2026 Compra Humanidades 20/03/2026   20/03/2026 Libro Bueno Dewey Decimal Classification